000 00254nam a22001097a 4500
008 170119b xxu||||| |||| 00| 0 eng d
020 _a9780874343021
041 _aeng
080 _a618.2
245 _aFUNDAMENTALS OF NURSING
_cOLSEN, J.L
942 _2udc
_cBK
999 _c3156
_d3156